MCTS SQL server 2005 implementation and maintenance study guide (Exam 70-431) / (Record no. 5770)

MARC details
000 -LEADER
fixed length control field 00602 a2200181 4500
010 ## - LCCN (DPL NO)
LC control number ENG-87023
020 ## - INTERNATIONAL STANDARD BOOK NUMBER
International Standard Book Number 0070659567
Terms of availability 595.00
035 ## - SYSTEM CONTROL NUMBER
System control number EN-70556
037 ## - SOURCE OF ACQUISITION
Source of stock number/acquisition DBAD / PUB
082 14 - DEWEY DECIMAL CLASSIFICATION NUMBER
Classification number 005.756
100 1# - MAIN ENTRY--PERSONAL NAME
Personal name Carpenter, Tom
245 1# - TITLE STATEMENT
Title MCTS SQL server 2005 implementation and maintenance study guide (Exam 70-431) /
Statement of responsibility, etc by Tom Carpenter
260 ## - PUBLICATION, DISTRIBUTION, ETC. (IMPRINT)
Place of publication, distribution, etc New Delhi
Name of publisher, distributor, etc Tata McGraw-Hill Publishing
Date of publication, distribution, etc 2007
270 ## - ADDRESS
Address 7, West Patel Nagar,
City New Delhi
Postal code 110 008
300 ## - PHYSICAL DESCRIPTION
Extent xxxxi, 606 p.
Dimensions 24 cm (Pbk)
Other physical details +C.D.Rom
500 ## - GENERAL NOTE
General note Includes index
942 ## - ADDED ENTRY ELEMENTS (KOHA)
Institution code [OBSOLETE] dpl
Item type English Books
Source of classification or shelving scheme Dewey Decimal Classification
Classification part 005.756
Call number suffix CAR
Holdings
Withdrawn status Lost status Not for loan Collection code Home library Current library Source of acquisition Cost, normal purchase price Full call number Barcode Copy number Cost, replacement price Koha item type
    Not For Loan Non-fiction D.B.Act.Division D.B.Act.Division DBAD/PUB 595.00 005.756 CAR EN-70556 1 595.00 English Books

© Delhi Public Library
Hit Counter
free hit counter